00192nam a2200073Ia 4500082001200000245002500012100004000037008004100077 aEF ANDR 0aGirl in the shadows  a ANDREWS, Virginia London, 2008 210817s9999 xx 000 0 und d